[Event "FIN-ch (Women)"]
[Site "Helsinki"]
[Date "2022.04.23"]
[Round "9"]
[White "Norlamo, Sarabella"]
[Black "Ivanaynen, Natalia"]
[Result "1-0"]
[WhiteElo "1957"]
[BlackElo "1611"]
[PlyCount "157"]
[EventDate "2022.04.15"]
[EventType "tourn"]
[EventRounds "9"]
[EventCountry "FIN"]
[SourceTitle "CBM 208 Extra"]
[Source "ChessBase"]
[SourceDate "2022.07.31"]
[SourceVersion "1"]
[SourceVersionDate "2022.07.31"]
[SourceQuality "1"]

1. d4 d6 2. e4 Nf6 3. Bd3 e5 4. d5 Be7 5. c4 Bg4 6. f3 Bh5 7. Nc3 Nbd7 8. g4 Bg6 9. h4 h5 10. g5 Nh7 11. Nh3 Nc5 12. Bc2 a5 13. Be3 Nf8 14. Qd2 Nfd7 15. Nf2 Nb6 16. Qe2 Qd7 17. Rb1 Nba4 18. Ncd1 0-0 19. b3 Nb6 20. Nd3 Na6 21. Bd2 Nb8 22. Nc3 c6 23. Be3 Qc7 24. Qf2 N8d7 25. dxc6 bxc6 26. 0-0 Rfb8 27. f4 exf4 28. Nxf4 Ne5 29. Nxg6 fxg6 30. Qg2 Nbd7 31. Ne2 Ng4 32. Bd4 Nde5 33. Nf4 Kh7 34. Bd1 Qd7 35. Bxg4 Nxg4 36. Qb2 Bd8 37. Kh1 Bb6 38. Rf3 Bxd4 39. Qxd4 Ne5 40. Rg3 Rf8 41. Qd2 Qe7 42. Ng2 Ng4 43. Qd4 Nf2+ 44. Kg1 Qxe4 45. Qxe4 Nxe4 46. Rd3 d5 47. cxd5 cxd5 48. Re1 Rad8 49. Ne3 Rf4 50. Nxd5 Rg4+ 51. Kf1 Rxh4 52. Nf6+ gxf6 53. Rxd8 Rh1+ 54. Ke2 Nc3+ 55. Kd2 Nb1+ 56. Ke2 Nc3+ 57. Kf2 Rxe1 58. Kxe1 fxg5 59. a3 Nb5 60. Rd5 Nxa3 61. Rxg5 Nc2+ 62. Kd2 Nd4 63. Kc3 Nxb3 64. Kxb3 a4+ 65. Kc3 Kh6 66. Ra5 a3 67. Kd2 h4 68. Ke2 g5 69. Kf3 Kh5 70. Rxa3 g4+ 71. Kg2 Kg5 72. Ra4 Kf5 73. Ra8 Kf4 74. Rf8+ Kg5 75. Rh8 g3 76. Kh3 Kf4 77. Rxh4+ Kf3 78. Rg4 Kf2 79. Rxg3 1-0

[Event "FIN-ch (Women)"]
[Site "Helsinki"]
[Date "2022.04.20"]
[Round "6"]
[White "Ivanaynen, Natalia"]
[Black "Taipale, Tiitu"]
[Result "1-0"]
[WhiteElo "1611"]
[BlackElo "1909"]
[PlyCount "74"]
[EventDate "2022.04.15"]
[EventType "tourn"]
[EventRounds "9"]
[EventCountry "FIN"]
[SourceTitle "CBM 208 Extra"]
[Source "ChessBase"]
[SourceDate "2022.07.31"]
[SourceVersion "1"]
[SourceVersionDate "2022.07.31"]
[SourceQuality "1"]

1. d4 d5 2. Bf4 c5 3. dxc5 e6 4. e3 Bxc5 5. Nf3 Nf6 6. c3 0-0 7. Bd3 Nc6 8. Bc2 b6 9. Nbd2 Ba6 10. Ne5 Nxe5 11. Bxe5 Bd6 12. Bg3 Rc8 13. Bh4 Be7 14. Bxf6 Bxf6 15. Qh5 g6 16. Qh3 Qd7 17. Qf3 Bg7 18. h4 Qb5 19. Rb1 e5 20. a4 Qc6 21. h5 d4 22. Be4 Qxa4 23. hxg6 dxc3 24. bxc3 fxg6 25. Qh3 h6 26. Qe6+ Rf7 27. Bxg6 Rcf8 28. Bxf7+ Rxf7 29. f3 Qc2 30. Qb3 Qd3 31. c4 Qxb3 32. Rxb3 Rc7 33. Kf2 Kf7 34. e4 Bf8 35. Rbb1 Bxc4 36. Nxc4 Rxc4 37. Rh5 Ke6 1-0